Normal view
MARC view
Entry Personal Name
001 - CONTROL NUMBER
- control field: 20560
003 - CONTROL NUMBER IDENTIFIER
- control field: OSt
005 - DATE AND TIME OF LATEST TRANSACTION
- control field: 20210119165723.0
008 - FIXED-LENGTH DATA ELEMENTS
- fixed length control field: 210119|| aca||aabn | a|a d
040 ## - CATALOGING SOURCE
- Original cataloging agency: OSt
- Transcribing agency: OSt
100 ## - HEADING--PERSONAL NAME
- Personal name: Easidale, Marocs H. , Leon, Natalia Perez. and Aguriar, Martin R.
670 ## - SOURCE DATA FOUND
- Source citation: Work cat.: (OSt)514402: Easidale, Marocs H. , Leon, Natalia Perez. and Aguriar, Martin R. , Strains in sustainability debates: Traditional ecological knowledge and western science through the lens of extension agents in a pastoral region
